00863nam a22002177a 450000500170000002000230001703500220004008200120006210000180007424500700009226000440016227000220020630000350022850000190026365000280028265000380031094200260034899900170037495201220039195201320051320180825142136.0 a8120317416c175.00 aB-61363, B-061364 a001.422 aSarma, K.V.S. aStatistics made simple :bdo it yourself on PC /cby K.V.S. Sarma aNew DelhibPrentice-Hall of Indiac2002 bNew Delhie110001 axiii, 257p.:bill.c24cm (pbk) aincludes index aMathematical Statistics aProblem solving - Data Processing 2ddccENh001.422mSAR c61648d61648 001040708NFICaZLSbZLSd2012-01-30g175.00l1o001.422 SARpB-061363r2020-07-24 00:00:00s2020-07-24v175.00yEN 001040708NFICaBL4bBL4d2018-08-25eBPPD/PUBg175.00l0o001.422 SARpB-061364r2018-08-25 00:00:00v175.00w2018-08-25yEN